« Retourner aux résultats de recherche
En toute liberty
52 réalisations
| Auteur principal: | Alice Marceau |
|---|---|
| D'autres auteurs: | Louis Gaillard |
| Support: | Livres |
| Langue: | Francais |
| Genre: |
Documentaire |
| Sujets: | |
| Étiquettes: |
Ajouter
Pas de Tags !
|
| LEADER | 00746nam0a2200193 450 | ||
|---|---|---|---|
| 001 | 16811537 | ||
| 010 | |a 978-2-501-05713-4 |b Br. |d 15 | ||
| 100 | |a 20090325d2009 u u0frey01 ba | ||
| 101 | 0 | |a fre | |
| 102 | |a BE | ||
| 200 | 0 | |a En toute liberty |e 52 réalisations |f Alice Marceau |g photographies Louis Gaillard | |
| 207 | 1 | |a | |
| 215 | |a 144 p. |c illustrations en couleur |d 25 x 21 cm | ||
| 330 | |a Une soixantaine de projets pour découvrir ce style très en vogue, s'invitant dans les maisons, la déco et la mode. | ||
| 700 | 0 | |a Marceau |b Alice |4 70 | |
| 702 | 0 | |a Gaillard |b Louis |4 600 | |
| 900 | |a Documentaire | ||
| 901 | |a Accessible au prêt | ||
| 995 | |a Bibliothèque |c Bibliothèque |f 00156006998348 |h 00156006998348 |k 746 MAR |o p |q a |r az |e Bibliothèque | ||
